000 00662nam a2200301Ia 4500
005 20260401122057.0
008 008 250103s9999 xx 000 0 eng d
020 _a195630475
037 _aTB
040 _aEDL
040 _beng
040 _cEDL
041 _2eng
041 _aeng
084 _a822 OSB
084 _qEDL
100 _aOsborne, John
_91232529
245 0 _aLook Back in Anger: Play in Three Acts
245 0 _cOsborne, John
260 _aOxford
260 _bOxford University Press
260 _c1999
300 _a157p
942 _cTB
942 _h822 OSB
999 _c1844766
_d1844766